Hungary <a> guide with a difference

Gespeichert in:
Bibliographische Detailangaben
Format: Buch
Sprache:Englisch
Veröffentlicht: Budapest Corvina 1978
Tags: Tag hinzufügen
Keine Tags, Fügen Sie das erste Tag hinzu!

MARC

LEADER 00000nam a2200000 4500
001 c131444
005 20190506140707.7
041 0 |a eng 
044 |a HU 
245 1 0 |a Hungary  |b <a> guide with a difference 
264 1 |a Budapest  |b Corvina  |c 1978 
300 |a 437 s.